Pays participant à la seconde guerre mondiale - Statistiques

Statistiques générales
  • Ce quiz a été pris 88 fois
  • Le résultat moyen est 12 sur 19
Statistiques - réponses
Pays % Correct
4 France
100%
1 Allemagne
99%
15 USA
97%
2 Italie
96%
7 Russie
95%
3 Japon
94%
18 Royaume-Uni
92%
14 Chine
83%
13 Pologne
83%
11 Canada
77%
8 Hongrie
61%
12 Norvège
53%
5 Yougoslavie
45%
9 Bulgarie
44%
17 Luxembourg
26%
19 Slovaquie
25%
10 Afrique du sud
23%
6 Croatie
21%
16 Arabie saoudite
3%
Aucun quiz correspondant
Distribution des résultats
% des personnes avec chaque résultat
Percentile par nombre de réponses
Votre historique - résultats
Vous n’avez pas pris ce quiz